[Event "X Open Vallee d'Aoste A"]
[Site "Saint Vincent - Chatillon ITA"]
[Date "2002.02.17"]
[Round "9"]
[White "Mrdja, Milan"]
[Black "Skembris, Spyridon"]
[Result "1/2-1/2"]
[WhiteElo "2399"]
[BlackElo "2464"]
[PlyCount "27"]
[EventDate "2002.02.09"]

1. e4 c5 2. Nf3 Nc6 3. d4 cxd4 4. Nxd4 g6 5. c4 Bg7 6. Be3 Nf6 7. Nc3 Ng4 8.
Qxg4 Nxd4 9. Qd1 e5 10. Qd2 O-O 11. Nb5 Qh4 12. Bd3 Nxb5 13. cxb5 d6 14. O-O
1/2-1/2

[Event "X Open Vallee d'Aoste A"]
[Site "Saint Vincent - Chatillon ITA"]
[Date "2002.02.17"]
[Round "9"]
[White "Nevednichy, Vladislav"]
[Black "Vera Gonzalez-Quevedo, Reynaldo"]
[Result "1/2-1/2"]
[WhiteElo "2569"]
[BlackElo "2534"]
[PlyCount "31"]
[EventDate "2002.02.09"]

1. e4 c5 2. Nf3 d6 3. d4 cxd4 4. Nxd4 Nf6 5. Nc3 a6 6. Be3 e6 7. g4 h6 8. h3
Nc6 9. Bg2 Be7 10. f4 Qc7 11. Nb3 b5 12. Qe2 Rb8 13. a3 Nd7 14. O-O g5 15. f5
Nde5 16. fxe6 1/2-1/2

[Event "X Open Vallee d'Aoste A"]
[Site "Saint Vincent - Chatillon ITA"]
[Date "2002.02.17"]
[Round "9"]
[White "Novikov, Igor A."]
[Black "Tyomkin, Dimitri"]
[Result "1/2-1/2"]
[WhiteElo "2583"]
[BlackElo "2501"]
[PlyCount "25"]
[EventDate "2002.02.09"]

1. d4 d5 2. c4 c6 3. Nf3 Nf6 4. Nc3 dxc4 5. a4 Bf5 6. Ne5 Nbd7 7. Nxc4 Nb6 8.
Ne5 Nbd7 9. Nd3 e6 10. f3 Bxd3 11. Qxd3 Bb4 12. e4 O-O 13. Be3 1/2-1/2

[Event "X Open Vallee d'Aoste A"]
[Site "Saint Vincent - Chatillon ITA"]
[Date "2002.02.17"]
[Round "9"]
[White "Polak, Tomas"]
[Black "Drabke, Lorenz Maximilian"]
[Result "1/2-1/2"]
[WhiteElo "2482"]
[BlackElo "2325"]
[PlyCount "37"]
[EventDate "2002.02.09"]

1. d4 d5 2. c4 c6 3. Nf3 Nf6 4. e3 Bf5 5. Nc3 e6 6. Nh4 Bg6 7. Qb3 Qb6 8. Nxg6
hxg6 9. Be2 Nbd7 10. Bd2 Qc7 11. f4 Be7 12. Qc2 Nb6 13. c5 Nbd7 14. O-O g5 15.
g3 gxf4 16. exf4 g6 17. Rae1 Kf8 18. Be3 Ne8 19. Rf2 1/2-1/2

[Event "X Open Vallee d'Aoste A"]
[Site "Saint Vincent - Chatillon ITA"]
[Date "2002.02.17"]
[Round "9"]
[White "Roeder, Matthias"]
[Black "Delchev, Aleksander"]
[Result "1/2-1/2"]
[WhiteElo "2478"]
[BlackElo "2591"]
[PlyCount "57"]
[EventDate "2002.02.09"]

1. d4 Nf6 2. c4 e6 3. Nf3 d5 4. Nc3 Bb4 5. e3 O-O 6. Bd3 dxc4 7. Bxc4 c5 8. O-O
Nbd7 9. Bd2 cxd4 10. exd4 b6 11. Rc1 Bb7 12. Qe2 Bxc3 13. Bxc3 Nd5 14. Bd2 a6
15. Bg5 N7f6 16. Qe5 Qb8 17. Rfe1 Rc8 18. a3 Nd7 19. Qg3 Qxg3 20. hxg3 h6 21.
Bd2 b5 22. Bd3 N5b6 23. Rxc8+ Rxc8 24. Rc1 Nc4 25. Bxc4 bxc4 26. Ne5 Nxe5 27.
dxe5 g5 28. g4 Bd5 29. b3 1/2-1/2

[Event "X Open Vallee d'Aoste A"]
[Site "Saint Vincent - Chatillon ITA"]
[Date "2002.02.17"]
[Round "9"]
[White "Rogers, Ian"]
[Black "Volzhin, Alexander"]
[Result "0-1"]
[WhiteElo "2555"]
[BlackElo "2521"]
[PlyCount "110"]
[EventDate "2002.02.09"]

1. e4 c5 2. Nf3 Nc6 3. d4 cxd4 4. Nxd4 Nf6 5. Nc3 e5 6. Nf5 d5 7. exd5 Bxf5 8.
dxc6 bxc6 9. Qf3 Qd7 10. Bg5 e4 11. Qe2 Be7 12. Bxf6 Bxf6 13. Nxe4 O-O 14.
Nxf6+ gxf6 15. Qd2 Rfe8+ 16. Kd1 Qc7 17. Bd3 Rad8 18. Kc1 c5 19. b3 Qe5 20. Rb1
c4 21. bxc4 Rb8 22. Rxb8 Rxb8 23. Qe3 Qb2+ 24. Kd1 Bg4+ 25. f3 Qa1+ 26. Kd2
Qxh1 27. Qf4 Qxg2+ 28. Kc3 Re8 29. Qxg4+ Qxg4 30. fxg4 Re5 31. Kd4 h5 32. c5
Kf8 33. h3 h4 34. Be4 Ke7 35. c3 Kd7 36. a4 a5 37. Bf5+ Kc6 38. Be4+ Kc7 39.
Bd5 Re2 40. Bxf7 Rh2 41. Be6 Rxh3 42. g5 Rf3 43. Ke4 Rg3 44. gxf6 h3 45. Bd5 h2
46. Kf5 Rxc3 47. f7 Rxc5 48. f8=Q Rxd5+ 49. Ke6 h1=Q 50. Qf4+ Kb7 51. Qf7+ Ka6
52. Qg6 Rc5 53. Qd3+ Ka7 54. Qd4 Qc6+ 55. Ke7 Qb6 0-1

[Event "X Open Vallee d'Aoste A"]
[Site "Saint Vincent - Chatillon ITA"]
[Date "2002.02.17"]
[Round "9"]
[White "Roiz, Michael"]
[Black "Zelcic, Robert"]
[Result "1/2-1/2"]
[WhiteElo "2507"]
[BlackElo "2544"]
[PlyCount "169"]
[EventDate "2002.02.09"]

1. d4 Nf6 2. Nf3 e6 3. Bg5 c5 4. e3 h6 5. Bh4 b6 6. Bd3 Bb7 7. O-O Be7 8. c3
Ne4 9. Bxe7 Qxe7 10. a4 O-O 11. a5 d6 12. Nfd2 Nxd2 13. Nxd2 b5 14. dxc5 dxc5
15. a6 Bxa6 16. b3 Rd8 17. Qe2 Bb7 18. Bxb5 Qf6 19. Rfc1 Nd7 20. Nf3 Rab8 21.
Ne1 Ne5 22. Rd1 Bd5 23. c4 Be4 24. f3 Ba8 25. Rxa7 Ng6 26. Rad7 Rxd7 27. Rxd7
Ne5 28. Rd1 Qg6 29. Kh1 Bc6 30. Bxc6 Nxc6 31. Nd3 Qh5 32. Nc1 Ra8 33. Nd3 Rb8
34. Nc1 Qf5 35. h3 h5 36. Qd3 Rd8 37. Qe2 Rb8 38. Kg1 g6 39. Qd3 Qe5 40. f4 Qb2
41. Qd2 Qf6 42. Nd3 Rd8 43. Qc2 Qf5 44. Ne1 Rxd1 45. Qxd1 Nb4 46. Kf2 Qe4 47.
Qd8+ Kg7 48. Qd1 h4 49. Ke2 Qa8 50. Qb1 Kg8 51. Nf3 Qa3 52. Nxh4 Na2 53. Kd3
Qa5 54. Qb2 Qd8+ 55. Ke2 Nb4 56. Nf3 Qd3+ 57. Kf2 Qd1 58. Kg3 Nd3 59. Qf6 Qe2
60. Ne5 Qxe3+ 61. Kh2 Nxe5 62. Qxe5 Qf2 63. Qf6 Kf8 64. Qd8+ Kg7 65. Qg5 f6 66.
Qg3 Qd4 67. h4 Kh6 68. Qf3 e5 69. fxe5 Qxh4+ 70. Qh3 Qxh3+ 71. Kxh3 f5 72. b4
cxb4 73. c5 b3 74. e6 Kg7 75. c6 b2 76. e7 Kf7 77. c7 Kxe7 78. c8=Q b1=Q 79.
Qc7+ Kf6 80. Qd6+ Kg5 81. Qg3+ Kf6 82. Qd6+ Kf7 83. Qd7+ Kg8 84. Qe8+ Kg7 85.
Qe7+ 1/2-1/2

[Event "X Open Vallee d'Aoste A"]
[Site "Saint Vincent - Chatillon ITA"]
[Date "2002.02.17"]
[Round "9"]
[White "Sarno, Spartaco"]
[Black "Pavlovic, Milos"]
[Result "0-1"]
[WhiteElo "2395"]
[BlackElo "2497"]
[PlyCount "104"]
[EventDate "2002.02.09"]

1. c4 Nf6 2. Nf3 b6 3. g3 Bb7 4. Bg2 c5 5. O-O e6 6. b3 Be7 7. Bb2 O-O 8. e3 d5
9. Qe2 Nc6 10. Rd1 dxc4 11. bxc4 Qc7 12. Nc3 a6 13. Rac1 Na5 14. Nb1 Rac8 15.
d3 b5 16. Nbd2 Rfd8 17. Bh3 Nd7 18. Rb1 Rb8 19. Ne1 Bf6 20. Bxf6 Nxf6 21. cxb5
axb5 22. Rdc1 Qd6 23. Nb3 Nxb3 24. Rxb3 b4 25. e4 Nd7 26. a3 Ba6 27. Qe3 Rdc8
28. Nf3 h6 29. Bf1 Rc7 30. axb4 cxb4 31. d4 Rxc1 32. Qxc1 Bxf1 33. Kxf1 Nf6 34.
Qc2 Qa6+ 35. Kg2 Rc8 36. Qb1 Qe2 37. Re3 Qc2 38. Qxb4 Ng4 39. Qe1 Nxe3+ 40.
Qxe3 Rb8 41. g4 Rb2 42. h4 Qd1 43. Qf4 Rb1 44. Qe3 Qf1+ 45. Kg3 Rd1 46. e5 Rd3
47. Qe4 Ra3 48. Qc2 Qh1 49. Qc8+ Kh7 50. Qc2+ g6 51. Qe2 g5 52. hxg5 hxg5 0-1

[Event "X Open Vallee d'Aoste A"]
[Site "Saint Vincent - Chatillon ITA"]
[Date "2002.02.17"]
[Round "9"]
[White "Sutovsky, Emil"]
[Black "Palac, Mladen"]
[Result "1/2-1/2"]
[WhiteElo "2656"]
[BlackElo "2580"]
[PlyCount "41"]
[EventDate "2002.02.09"]

1. e4 c5 2. Nc3 d6 3. f4 g6 4. Nf3 Bg7 5. Bc4 Nc6 6. O-O e6 7. d3 Nge7 8. Qe1
O-O 9. a3 d5 10. Bb3 Nd4 11. Nxd4 cxd4 12. Ne2 dxe4 13. dxe4 d3 14. Nc3 Nc6 15.
Be3 Nd4 16. Bxd4 Qxd4+ 17. Kh1 Qb6 18. Na4 Qb5 19. Nc3 Qb6 20. Na4 Qb5 21. Nc3
1/2-1/2

[Event "X Open Vallee d'Aoste A"]
[Site "Saint Vincent - Chatillon ITA"]
[Date "2002.02.17"]
[Round "9"]
[White "Zhukova, Natalia"]
[Black "Acs, Peter"]
[Result "0-1"]
[WhiteElo "2441"]
[BlackElo "2526"]
[PlyCount "108"]
[EventDate "2002.02.09"]

1. d4 d5 2. c4 c6 3. Nf3 Nf6 4. e3 Bf5 5. Nc3 e6 6. Nh4 Be4 7. f3 Bg6 8. Qb3
Qb6 9. Nxg6 hxg6 10. Qxb6 axb6 11. Kf2 dxc4 12. Bxc4 b5 13. Bb3 Nbd7 14. h3 e5
15. Rd1 Bb4 16. Bd2 exd4 17. exd4 O-O 18. Ne4 Be7 19. Rac1 Nb6 20. Nc5 Ra7 21.
Nd3 Nfd5 22. Ne5 Raa8 23. g3 Kh7 24. a3 f6 25. Nd3 Bd6 26. h4 Rfd8 27. Rh1 Rd7
28. g4 Re8 29. Rce1 Rde7 30. Rxe7 Rxe7 31. Bc2 Nc4 32. Bc1 Kg8 33. Nc5 Bf4 34.
b3 Nd2 35. Bxd2 Bxd2 36. Rd1 Be3+ 37. Kg3 Bf4+ 38. Kf2 Nc3 39. Re1 Bg3+ 40.
Kxg3 Rxe1 41. Nxb7 Re7 42. Nc5 Ne2+ 43. Kf2 f5 44. d5 cxd5 45. Bd3 Nd4 46. a4
bxa4 47. Nxa4 f4 48. Nb6 Re3 49. Bxg6 Rxf3+ 50. Ke1 Re3+ 51. Kf1 Re6 52. Nxd5
Rxg6 53. Ne7+ Kf7 54. Nxg6 Kxg6 0-1

[Event "XI Weekend A"]
[Site "Ceriano Laghetto ITA"]
[Date "2002.01.26"]
[Round "1"]
[White "Barlocco, Carlo"]
[Black "Dal Zovo, Claudio"]
[Result "1-0"]
[WhiteElo "2120"]
[BlackElo "1804"]
[PlyCount "67"]
[EventDate "2002.01.26"]

1.d4 Nf6 2.Bf4 d6 3.Nf3 g6 4.h3 Bg7 5.e3 O-O 6.Be2 c6 7.c4 Qb6 8.Qc1 Nbd7 
9.O-O Re8 10.Nbd2 e5 11.Bh2 Nh5 12.c5 dxc5 13.dxe5 Bf8 14.Bc4 Qd8 15.Rd1 
b5 16.Be2 Ng7 17.Ne4 Qb6 18.Rxd7 Bxd7 19.Nf6+ Kh8 20.Nxd7 Qc7 21.Nxf8 Rxf8
22.Qxc5 Ne6 23.Qc3 Rfd8 24.Nd4 Nxd4 25.exd4 Qd7 26.e6 b4 27.Be5+ Kg8 28.
exf7+ Kxf7 29.Bc4+ Ke8 30.Qxb4 Qe7 31.Qa4 Qd7 32.Re1 Qe7 33.Qxc6+ Kf8 34.
Qf3+ 1-0

[Event "XI Weekend A"]
[Site "Ceriano Laghetto ITA"]
[Date "2002.01.26"]
[Round "1"]
[White "Bisignano, Giuseppe"]
[Black "Rettore, Ludwig"]
[Result "0-1"]
[WhiteElo "1845"]
[BlackElo "2169"]
[PlyCount "224"]
[EventDate "2002.01.26"]

1.e4 e5 2.Nf3 Nc6 3.Bb5 a6 4.Ba4 d6 5.c3 f5 6.d3 fxe4 7.dxe4 Nf6 8.Qd3 Be7
9.O-O b5 10.Bb3 Na5 11.Bc2 O-O 12.b4 Nc4 13.Bb3 Kh8 14.Bxc4 bxc4 15.Qxc4 
Nh5 16.Be3 Rxf3 17.gxf3 Bh3 18.Nd2 Bg5 19.Kh1 Bxf1 20.Rxf1 Bf4 21.Rg1 Qh4 
22.Nf1 Qh3 23.Ng3 Nxg3+ 24.Rxg3 Bxg3 25.fxg3 Qh5 26.Kg2 Rf8 27.g4 Qf7 28.
Qe2 h6 29.c4 Qd7 30.b5 axb5 31.cxb5 Ra8 32.Qc4 Rd8 33.a4 d5 34.exd5 Qxd5 
35.Qxc7 Rf8 36.Qc6 Qxc6 37.bxc6 Rc8 38.a5 Rxc6 39.h4 Kg8 40.h5 Rc2+ 41.Kg3
Ra2 42.Bb6 Kf7 43.Bd8 g6 44.hxg6+ Kxg6 45.Bc7 Kf6 46.Bb6 Ra3 47.Kf2 Kg5 
48.Be3+ Kg6 49.Bb6 Kf6 50.Be3 h5 51.gxh5 Rxa5 52.h6 Kg6 53.Kg3 Ra3 54.Bc1 
Rc3 55.Bb2 Rc5 56.Ba3 Rc8 57.Bb2 Kf5 58.Kh4 Rc2 59.Ba3 Rh2+ 60.Kg3 Rxh6 
61.Bc1 Rc6 62.Be3 Rc3 63.Kf2 Rb3 64.Bc1 Rb1 65.Be3 Ra1 66.Kg3 Rb1 67.Kf2 
Rb2+ 68.Kg3 Rc2 69.Bh6 Ke6 70.Be3 Kf5 71.Bf2 Kg6 72.Bb6 Rc3 73.Kf2 Kg5 74.
Be3+ Kh5 75.Bb6 Kh4 76.Kg2 Rc2+ 77.Bf2+ Kg5 78.Kg3 Rc3 79.Be1 Rd3 80.Kg2 
Kf4 81.Bg3+ Kf5 82.Kf2 Rd2+ 83.Ke3 Rg2 84.Bf2 Rh2 85.Bg3 Ra2 86.Be1 Ra3+ 
87.Kf2 Rd3 88.Ke2 Ra3 89.Bg3 Rb3 90.Kf2 Ke6 91.Ke2 e4 92.Bf4 Rxf3 93.Be3 
Kf5 94.Bb6 Rc3 95.Bd4 Rb3 96.Be3 Rb2+ 97.Bd2 Ke5 98.Ke3 Rb3+ 99.Ke2 Kd4 
100.Bg5 Rb2+ 101.Kd1 Kd3 102.Ke1 e3 103.Kf1 Rb1+ 104.Kg2 e2 105.Bh4 e1=Q 
106.Bxe1 Rxe1 107.Kf2 Re3 108.Kg2 Ke2 109.Kh2 Rf3 110.Kg2 Ke3 111.Kg1 Rf2 
112.Kh1 Kf3 0-1

[Event "XI Weekend A"]
[Site "Ceriano Laghetto ITA"]
[Date "2002.01.26"]
[Round "1"]
[White "Contin, Daniel"]
[Black "Pace, Pietro Dario"]
[Result "1-0"]
[WhiteElo "2358"]
[BlackElo "2116"]
[PlyCount "35"]
[EventDate "2002.01.26"]

1.e4 d6 2.d4 Nf6 3.Nc3 g6 4.Bg5 Bg7 5.f4 c6 6.Qd2 a6 7.Bd3 b5 8.Nf3 O-O 9.
a4 b4 10.Ne2 a5 11.e5 Nd5 12.f5 dxe5 13.dxe5 Nd7 14.e6 fxe6 15.fxg6 Nc5 
16.gxh7+ Kf7 17.O-O Ke8 18.Bh6 1-0

[Event "XI Weekend A"]
[Site "Ceriano Laghetto ITA"]
[Date "2002.01.26"]
[Round "1"]
[White "Genovese, Maurizio"]
[Black "Pace, Roberto"]
[Result "1/2-1/2"]
[WhiteElo "2280"]
[BlackElo "2069"]
[PlyCount "111"]
[EventDate "2002.01.26"]

1.d4 Nf6 2.c4 g6 3.Nc3 d5 4.cxd5 Nxd5 5.e4 Nxc3 6.bxc3 Bg7 7.Nf3 O-O 8.Be2
c5 9.O-O Nc6 10.Be3 Qa5 11.Rb1 a6 12.d5 Ne5 13.c4 Nxf3+ 14.Bxf3 Qc7 15.Qd2
Rd8 16.Rfd1 Be5 17.h3 f5 18.exf5 Bxf5 19.Rb3 b5 20.Qe2 Rab8 21.Rc1 bxc4 
22.Qxc4 Bd6 23.Rxb8 Rxb8 24.Qxa6 Rb2 25.Qc4 Qa5 26.g4 Bd7 27.Bxc5 Bb5 28.
Qe4 Bd7 29.Bd4 Rxa2 30.Rd1 Rd2 31.Qe3 Rxd1+ 32.Bxd1 Qd8 33.f4 Qb8 34.Bc2 
Qc7 35.Bd3 Kf7 36.f5 Bf4 37.fxg6+ hxg6 38.Qe4 Bh2+ 39.Kh1 Qd6 40.h4 Bf4 
41.h5 e5 42.dxe6+ Bxe6 43.Qb7+ Kf8 44.Qg7+ Ke8 45.Bxg6+ Kd8 46.Be4 Bd7 47.
Qf6+ Kc7 48.Qxd6+ Kxd6 49.Bf3 Ke7 50.Kg2 Kf8 51.Kh3 Bg5 52.Kg3 Be6 53.Be4 
Kg8 54.Be5 Bd7 55.Bf5 Be8 56.Kf3 1/2-1/2

[Event "XI Weekend A"]
[Site "Ceriano Laghetto ITA"]
[Date "2002.01.26"]
[Round "1"]
[White "Lapiccirella, Daniele"]
[Black "Qendro, Llambi"]
[Result "1/2-1/2"]
[WhiteElo "2084"]
[BlackElo "2337"]
[PlyCount "40"]
[EventDate "2002.01.26"]

1.d4 g6 2.c4 Bg7 3.Nc3 d6 4.e4 e5 5.Nge2 Nc6 6.Be3 exd4 7.Nxd4 Nge7 8.Nxc6
bxc6 9.Bd4 f6 10.c5 Rb8 11.Qc2 d5 12.Rd1 O-O 13.Be2 Be6 14.O-O Qc8 15.exd5
cxd5 16.c6 Nxc6 17.Bc5 Rd8 18.Bf3 Nb4 19.Bxb4 Rxb4 20.Nxd5 Bxd5 1/2-1/2

[Event "XI Weekend A"]
[Site "Ceriano Laghetto ITA"]
[Date "2002.01.26"]
[Round "1"]
[White "Tramalloni, Luca"]
[Black "Di Lazzaro, Gabriele"]
[Result "1-0"]
[WhiteElo "2131"]
[BlackElo "1841"]
[PlyCount "49"]
[EventDate "2002.01.26"]

1.d4 Nf6 2.c4 Nc6 3.Nf3 e6 4.Nc3 Bb4 5.Qc2 d6 6.g3 Qe7 7.Bg2 e5 8.dxe5 
dxe5 9.a3 e4 10.axb4 exf3 11.Bxf3 Nd4 12.Qd3 Nxf3+ 13.Qxf3 Qxb4 14.Bg5 
Qxc4 15.Bxf6 gxf6 16.Qxf6 O-O 17.Ra5 c5 18.Qg5+ Kh8 19.Qf6+ Kg8 20.Qg5+ 
Kh8 21.Rxc5 Qa6 22.O-O Bh3 23.Rd1 f6 24.Qh6 Qe6 25.Rc7 1-0

[Event "XI Weekend A"]
[Site "Ceriano Laghetto ITA"]
[Date "2002.01.26"]
[Round "1"]
[White "Zacco, Remo"]
[Black "Crippa, Gabriele"]
[Result "1/2-1/2"]
[WhiteElo "1821"]
[BlackElo "2124"]
[PlyCount "66"]
[EventDate "2002.01.26"]

1.e4 e6 2.d4 d5 3.Nd2 c5 4.exd5 exd5 5.Bb5+ Nc6 6.Qe2+ Qe7 7.dxc5 Qxe2+ 8.
Nxe2 Bxc5 9.Nb3 Bb6 10.O-O Nf6 11.Ned4 Bd7 12.Re1+ Kf8 13.Bxc6 bxc6 14.Bf4
h5 15.Bd6+ Kg8 16.Re7 Bd8 17.Re2 Ne4 18.Ba3 Bb6 19.f3 c5 20.fxe4 cxd4 21.
Bc5 dxe4 22.Rxe4 Bf5 23.Rxd4 Bxc2 24.Bxb6 axb6 25.Rb4 Bxb3 26.Rxb3 Rh6 27.
a3 Rd8 28.Rf3 Re6 29.Raf1 Rd7 30.h3 g6 31.Rf6 Re2 32.R1f2 Re6 33.R6f3 Kg7 
1/2-1/2

[Event "XI Weekend A"]
[Site "Ceriano Laghetto ITA"]
[Date "2002.01.27"]
[Round "2"]
[White "Crippa, Gabriele"]
[Black "Genovese, Maurizio"]
[Result "1/2-1/2"]
[WhiteElo "2124"]
[BlackElo "2280"]
[PlyCount "51"]
[EventDate "2002.01.26"]

1.d4 d5 2.Nf3 Nf6 3.Bg5 Ne4 4.Bf4 c6 5.e3 Qb6 6.Qc1 Bf5 7.Be2 e6 8.O-O c5 
9.c4 Nc6 10.cxd5 exd5 11.Nc3 Rd8 12.dxc5 Nxc3 13.Qxc3 Qxc5 14.Qb3 Qb4 15.
Qxb4 Bxb4 16.a3 Ba5 17.Bb5 O-O 18.Bxc6 bxc6 19.Nd4 Bd7 20.Rfc1 Rc8 21.Bd6 
Rfe8 22.Bc5 a6 23.b4 Bc7 24.Rc3 Be5 25.Rac1 g5 26.f4 1/2-1/2

[Event "XI Weekend A"]
[Site "Ceriano Laghetto ITA"]
[Date "2002.01.27"]
[Round "2"]
[White "Dal Zovo, Claudio"]
[Black "Perissinotto, Claudio"]
[Result "0-1"]
[WhiteElo "1804"]
[BlackElo "2076"]
[PlyCount "112"]
[EventDate "2002.01.26"]

1.d4 d5 2.Nf3 Nf6 3.b3 Bf5 4.Bb2 Nbd7 5.e3 e6 6.Bd3 Bxd3 7.Qxd3 Bd6 8.O-O 
c6 9.c4 Ne4 10.Nbd2 f5 11.Ne5 O-O 12.f3 Nxd2 13.Qxd2 Nf6 14.Rac1 Qe7 15.
Rc2 a5 16.Bc3 a4 17.b4 dxc4 18.Nxc4 Bc7 19.a3 Nd5 20.Qe1 Rae8 21.e4 fxe4 
22.fxe4 Rxf1+ 23.Qxf1 Nxc3 24.Rxc3 Qh4 25.g3 Qxe4 26.Qd3 Qxd3 27.Rxd3 Rd8 
28.Kf2 Kf7 29.Ke3 Rd5 30.Ke4 Ke7 31.Ne3 Rg5 32.Rd2 h5 33.Kf3 b5 34.Ke4 Rg6
35.Rc2 Kd7 36.Rf2 Rf6 37.Rxf6 gxf6 38.Kf3 Bb6 39.Nc2 Kd6 40.Ke4 f5+ 41.Kd3
e5 42.dxe5+ Kxe5 43.Ne1 c5 44.bxc5 Bxc5 45.Nc2 Bg1 46.Ne1 Kd5 47.Kc3 Bxh2 
48.Kb4 Bxg3 49.Nf3 Bd6+ 50.Kxb5 Bxa3 51.Kxa4 Bc1 52.Kb3 Ke4 53.Ng1 Be3 54.
Nh3 Kf3 55.Kc3 Kg2 56.Kd3 Bh6 0-1

[Event "XI Weekend A"]
[Site "Ceriano Laghetto ITA"]
[Date "2002.01.27"]
[Round "2"]
[White "Di Lazzaro, Gabriele"]
[Black "Gagliardi, Christian"]
[Result "1/2-1/2"]
[WhiteElo "1841"]
[BlackElo "2133"]
[PlyCount "130"]
[EventDate "2002.01.26"]

1.Nf3 Nf6 2.g3 g6 3.b3 Bg7 4.Bb2 O-O 5.Bg2 d6 6.d4 Nbd7 7.O-O c6 8.c4 Qc7 
9.Nc3 e5 10.dxe5 dxe5 11.Qc2 Re8 12.e4 a5 13.Rad1 Nc5 14.h3 h6 15.Rfe1 Be6
16.Ba3 Bf8 17.Bb2 Ncd7 18.Na4 Nh5 19.c5 f6 20.Nd2 b5 21.cxb6 Nxb6 22.Nc5 
Bf7 23.Nf1 Qa7 24.Bc1 Kh7 25.Be3 Qe7 26.Re2 Ng7 27.Red2 Reb8 28.Nd7 Nxd7 
29.Rxd7 Qe6 30.Qd2 Be8 31.Rd3 Bb4 32.Qc1 Qe7 33.Nd2 a4 34.Nc4 axb3 35.axb3
Ne6 36.Nb6 Ra7 37.Qc4 Rab7 38.Na4 c5 39.Nc3 Bxc3 40.Rxc3 Nd4 41.Bxd4 cxd4 
42.Rf3 Bf7 43.Qa6 Rb6 44.Qa5 Rxb3 45.Rxb3 Rxb3 46.Bf1 Ra3 47.Qb6 Kg7 48.
Rc1 Rc3 49.Ra1 Qc7 50.Qb2 g5 51.Ra8 Rb3 52.Qa1 d3 53.Ra7 Qb6 54.Qa2 Kg6 
55.Bxd3 Qe6 56.Qe2 Rb4 57.Ra6 Qe7 58.Qf3 Kg7 59.Qg4 Rd4 60.Be2 Bg6 61.Bf3 
f5 62.exf5 Rxg4 63.f6+ Qxf6 64.Rxf6 Rxg3+ 65.fxg3 Kxf6 1/2-1/2

[Event "XI Weekend A"]
[Site "Ceriano Laghetto ITA"]
[Date "2002.01.27"]
[Round "2"]
[White "Pace, Pietro Dario"]
[Black "Bisignano, Giuseppe"]
[Result "1-0"]
[WhiteElo "2116"]
[BlackElo "1845"]
[PlyCount "83"]
[EventDate "2002.01.26"]

1.e4 e5 2.Nf3 Nc6 3.Bb5 a6 4.Ba4 Nf6 5.O-O Be7 6.Re1 b5 7.Bb3 d6 8.c3 O-O 
9.h3 Bb7 10.d4 Na5 11.Bc2 c5 12.d5 Bc8 13.Nbd2 Nb7 14.a4 Bd7 15.b3 Re8 16.
Nf1 Bf8 17.Ne3 g6 18.Nh2 Bg7 19.Neg4 Nh5 20.g3 Rf8 21.Nh6+ Kh8 22.h4 bxa4 
23.bxa4 Qa5 24.c4 Qc3 25.Bd2 Qxc4 26.Bb3 Qd4 27.Nf3 Qb2 28.Ra2 Qxa2 29.
Bxa2 c4 30.Bxc4 Nc5 31.a5 f5 32.exf5 Nf6 33.Qc2 e4 34.Nd4 Rac8 35.Qd1 Na4 
36.Bxa6 Rc5 37.Ne6 Rxd5 38.Nxf8 Bxf8 39.Qc1 gxf5 40.Bc4 Rc5 41.Bb4 Bxh6 
42.Qxh6 1-0

[Event "XI Weekend A"]
[Site "Ceriano Laghetto ITA"]
[Date "2002.01.27"]
[Round "2"]
[White "Pace, Roberto"]
[Black "Lapiccirella, Daniele"]
[Result "1/2-1/2"]
[WhiteElo "2069"]
[BlackElo "2084"]
[PlyCount "98"]
[EventDate "2002.01.26"]

1.e4 c5 2.Nf3 e6 3.d4 cxd4 4.Nxd4 a6 5.Nc3 Qc7 6.Bd3 Nc6 7.Nxc6 bxc6 8.O-O
Nf6 9.Qe2 d6 10.f4 e5 11.h3 Be7 12.b3 O-O 13.Bb2 exf4 14.Rxf4 Nd7 15.Na4 
Ne5 16.Raf1 Bg5 17.Bxe5 dxe5 18.R4f3 Be6 19.Nc5 Qa7 20.Qf2 Be7 21.Nxe6 
Qxf2+ 22.R1xf2 fxe6 23.Rxf8+ Bxf8 24.Rf3 Bc5+ 25.Kf1 a5 26.Bc4 Re8 27.Ke2 
h6 28.a4 Re7 29.c3 Re8 30.Kd2 Rd8+ 31.Kc2 Rd6 32.Be2 Ba3 33.Rd3 Kf7 34.
Rxd6 Bxd6 35.Kd3 Ke7 36.Kc4 Kd7 37.b4 Kc7 38.Bg4 Kb6 39.Bxe6 h5 40.h4 axb4
41.cxb4 Be7 42.g3 g5 43.hxg5 Bxg5 44.Bf7 h4 45.gxh4 Bxh4 46.Be8 Bf2 47.Bd7
Bd4 48.a5+ Kc7 49.Be6 Kb7 1/2-1/2

[Event "XI Weekend A"]
[Site "Ceriano Laghetto ITA"]
[Date "2002.01.27"]
[Round "2"]
[White "Qendro, Llambi"]
[Black "Zacco, Remo"]
[Result "1-0"]
[WhiteElo "2337"]
[BlackElo "1821"]
[PlyCount "79"]
[EventDate "2002.01.26"]

1.d4 Nf6 2.c4 e6 3.Nf3 Bb4+ 4.Bd2 Qe7 5.g3 O-O 6.Bg2 Ne4 7.O-O Nxd2 8.
Nbxd2 d5 9.a3 Bxd2 10.Qxd2 Rd8 11.Rac1 b6 12.Qc2 c6 13.Rfe1 Bb7 14.e4 Na6 
15.Ne5 dxc4 16.Qxc4 Rac8 17.Qa4 c5 18.d5 f6 19.Nc6 Bxc6 20.Qxa6 Ba8 21.Bh3
f5 22.exf5 Bxd5 23.fxe6 Rc7 24.Rcd1 Rd6 25.Qe2 Rcc6 26.Qe5 Bf3 27.Rxd6 
Rxd6 28.Bg2 Bg4 29.Bd5 h6 30.Qxd6 Qxd6 31.e7+ Qxd5 32.e8=Q+ Kh7 33.Qe4+ 
Qf5 34.Qxf5+ Bxf5 35.Re7 a6 36.Rb7 b5 37.Rb6 Bd3 38.Rxa6 b4 39.Rc6 bxa3 
40.bxa3 1-0

[Event "XI Weekend A"]
[Site "Ceriano Laghetto ITA"]
[Date "2002.01.27"]
[Round "2"]
[White "Rettore, Ludwig"]
[Black "Barlocco, Carlo"]
[Result "0-1"]
[WhiteElo "2169"]
[BlackElo "2120"]
[PlyCount "96"]
[EventDate "2002.01.26"]

1.e4 d5 2.exd5 Qxd5 3.Nc3 Qd8 4.d4 Nf6 5.Nf3 Bg4 6.h3 Bh5 7.g4 Bg6 8.Ne5 
Nbd7 9.Bg2 Nxe5 10.dxe5 Qxd1+ 11.Nxd1 Ne4 12.f4 e6 13.Rf1 Be7 14.Be3 O-O-O
15.Nf2 Nxf2 16.Kxf2 Bxc2 17.Rfc1 Bg6 18.Bxa7 Rd2+ 19.Kg1 Rxb2 20.Bd4 Rb4 
21.Be3 Rd8 22.Rd1 Rxd1+ 23.Rxd1 Rb1 24.Bf3 Be4 25.Kf2 Rb2+ 26.Rd2 Rxd2+ 
27.Bxd2 Bc5+ 28.Ke2 Bxf3+ 29.Kxf3 Kd7 30.Ke4 Kc6 31.h4 Kb5 32.h5 Kc4 33.f5
b5 34.Ba5 c6 35.Bc7 Ba3 36.Bd6 Bc1 37.Bf8 g6 38.Be7 Kc3 39.Bd6 Bd2 40.Be7 
Kb2 41.a3 Kb3 42.fxg6 fxg6 43.Kd4 Bc1 44.Bb4 Bxa3 45.Bd6 gxh5 46.gxh5 Bb4 
47.Ke4 Kc4 48.Kf4 Bd2+ 0-1

[Event "XI Weekend A"]
[Site "Ceriano Laghetto ITA"]
[Date "2002.01.27"]
[Round "2"]
[White "Tramalloni, Luca"]
[Black "Contin, Daniel"]
[Result "0-1"]
[WhiteElo "2131"]
[BlackElo "2358"]
[PlyCount "64"]
[EventDate "2002.01.26"]

1.d4 Nf6 2.c4 e6 3.Nc3 Bb4 4.Qc2 O-O 5.e3 b6 6.Bd3 c5 7.Ne2 Ba6 8.O-O Nc6 
9.b3 cxd4 10.Nxd4 Nxd4 11.exd4 d5 12.Bb2 Rc8 13.cxd5 Bxd3 14.Qxd3 Nxd5 15.
Nxd5 Qxd5 16.Rfd1 Rfd8 17.Qe2 Be7 18.Rac1 Bf6 19.Rxc8 Rxc8 20.Qa6 Rc2 21.
Ba1 Qd7 22.a4 g6 23.g3 Rc7 24.Qd3 Qd5 25.Bb2 h5 26.f3 h4 27.Rd2 Rd7 28.f4 
h3 29.Qf1 Qxb3 30.Qxh3 Qe3+ 31.Rf2 Bxd4 32.Bxd4 Rxd4 0-1

[Event "XI Weekend A"]
[Site "Ceriano Laghetto ITA"]
[Date "2002.01.27"]
[Round "3"]
[White "Barlocco, Carlo"]
[Black "Qendro, Llambi"]
[Result "1/2-1/2"]
[WhiteElo "2120"]
[BlackElo "2337"]
[PlyCount "104"]
[EventDate "2002.01.26"]

1.d4 c5 2.c3 Nf6 3.Nf3 e6 4.Bg5 d5 5.e3 Be7 6.Nbd2 Nbd7 7.Bd3 O-O 8.O-O b6
9.Qb1 h6 10.Bh4 Bb7 11.Rd1 cxd4 12.exd4 Nh5 13.Bxe7 Qxe7 14.Re1 a5 15.Ne5 
Nf4 16.Nxd7 Qxd7 17.Nf3 Qe7 18.g3 Nxd3 19.Qxd3 Ba6 20.Qf5 Rfe8 21.Qf4 b5 
22.a3 b4 23.axb4 axb4 24.Ne5 bxc3 25.bxc3 Qc7 26.Re3 Bb5 27.Rxa8 Rxa8 28.
h4 Ra1+ 29.Kg2 Be8 30.h5 Qb6 31.Nf3 Rc1 32.Rxe6 fxe6 33.Qxc1 Bxh5 34.Ne5 
Qb5 35.Qe3 Qe2 36.Qxe2 Bxe2 37.f4 Kf8 38.Kf2 Bb5 39.g4 Ke7 40.g5 h5 41.Ke3
Be8 42.Kd2 Kd6 43.Ke2 h4 44.Kd2 h3 45.Ng4 Bh5 46.Nh2 Kc6 47.Ke3 Kb5 48.Kd3
Bg6+ 49.Kd2 Kc4 50.Nf1 Kb3 51.Nh2 Bh5 52.Kd3 Kb2 1/2-1/2

[Event "XI Weekend A"]
[Site "Ceriano Laghetto ITA"]
[Date "2002.01.27"]
[Round "3"]
[White "Gagliardi, Christian"]
[Black "Dal Zovo, Claudio"]
[Result "1-0"]
[WhiteElo "2133"]
[BlackElo "1804"]
[PlyCount "119"]
[EventDate "2002.01.26"]

1.e4 e6 2.d3 d5 3.Nd2 c5 4.Ngf3 Nc6 5.g3 Bd6 6.Bg2 Nge7 7.O-O b5 8.Re1 f6 
9.c3 O-O 10.Qe2 Bd7 11.d4 cxd4 12.cxd4 Rc8 13.e5 fxe5 14.dxe5 Bb8 15.Nb3 
Ng6 16.Bg5 Qe8 17.Rac1 a6 18.Nc5 Ba7 19.Be3 Qe7 20.Nxd7 Qxd7 21.Bxa7 Qxa7 
22.Rcd1 Qe7 23.h4 Nh8 24.Ng5 Nf7 25.Nf3 Rc7 26.Bh3 Rfc8 27.a3 Re8 28.Qe3 
Rb8 29.g4 b4 30.a4 a5 31.g5 b3 32.Rd3 Rcb7 33.Rc1 Nfd8 34.Rdc3 Qd7 35.Qc5 
Rb4 36.Qd6 Qxd6 37.exd6 R4b6 38.Bxe6+ Nxe6 39.Rxc6 Rxc6 40.Rxc6 Rd8 41.Ne5
Nf8 42.d7 Nxd7 43.Rd6 Kf8 44.Rxd7 Rc8 45.Rxd5 Rc2 46.Nd3 Rc4 47.Rxa5 Rxh4 
48.Rf5+ Ke7 49.Rf4 Rh3 50.Ne1 Ke6 51.Kg2 Rh5 52.Nf3 h6 53.gxh6 Rxh6 54.Rb4
Kd5 55.Rxb3 Kc4 56.Nd2+ Kc5 57.Rg3 Ra6 58.b3 g6 59.Rg4 Kd5 60.Kf3 1-0